00700nam a2200181 a 450000100100000000500170001000800410002702000150006804000250008308200150010811100670012324501110019026000400030130000210034159000260036295201130038899900170050100004104020201002034554.0130913s1995 sp r 000 0 spa d a840007498X aDO-SdBNPbspacBNPHU axxxxbC7491 aActas congreso UEAIn(16a :d1995cSalamanca, España)96753410aActas XVI congreso UEAI /ceditores Concepción Vázquez de Benito y Miguel Ángel Manzano Rodríguez. aSalamanca, España :bCSIC,c1995. a575 p. ;c24 cm. aInventariado, 2019/BT 001050718MOaGRbGRcHDd2013-09-13iLF1l0oxxxx C749p41040-10r2020-06-25w2020-06-25y1ZNo se presta c40530d40530